|
|
|
|
| LEADER |
00000cam a2200000 7i4500 |
| 001 |
0000002851 |
| 005 |
20040126.0 |
| 020 |
0 |
0 |
|a 2980709832
|
| 090 |
0 |
0 |
|a 333.72
|b LAP 2003
|
| 100 |
1 |
0 |
|a LAPOINTE
|h Eugène ,
|d 1939-
|
| 245 |
1 |
0 |
|a Embracing the earth's wild resources :
|b a global conservation vision
|c by Eugène Lapointe
|
| 260 |
0 |
0 |
|a Sherbrooke, QC :
|b Éditions du Scribe ;
|a Lausanne, Switzerland :
|b Distributed by IWMC World Conservation Trust ,
|c 2003
|
| 300 |
|
|
|a ix, 167 p. ;
|c 23 cm.
|
| 650 |
0 |
0 |
|a Conservation of natural resources
|
| 998 |
|
|
|a JPSM
|
| 999 |
|
|
|a 0000005030
|b Monograph
|c Open Shelf
|e Default branch
|